| 000 | 01383nam0a2200301 4500 | ||
|---|---|---|---|
| 001 | RU\NLR\BIBL_A\011306123 | ||
| 005 | 20260407064007.0 | ||
| 010 |
_a978-5-906882-59-2 _95000 |
||
| 021 |
_aRU _b2016-93931 _96220 |
||
| 035 | _a(NLR Aleph) 011306123 | ||
| 090 |
_a10997057 _c10997057 |
||
| 100 | _a20170110d2016 |||y0rusy50 ca | ||
| 101 | 1 |
_arus _ceng |
|
| 102 | _aRU | ||
| 105 | _aa z 000ay | ||
| 200 | 1 |
_aРождественская песнь в прозе _eсвяточный рассказ с привидениями _fЧарльз Диккенс _gил. Зденко Башич _g[пер. с англ.: Т. Озерская и др.] |
|
| 210 |
_aМосква _cКлевер-Медиа-Групп _d2016 |
||
| 215 |
_a205, [3] с. _cцв. ил. _d22 |
||
| 225 | 1 | _aПодарочная коллекция | |
| 327 | 1 | _aСодерж.: Рождественская песнь в прозе; Рассказ о том, как подземные духи похитили пономаря; Рождественская елка | |
| 686 | 1 | _aШ6(4Вл)57-440.4{Лх1296.1-50} | |
| 700 | 1 |
_7ca _8rus _aДиккенс _bЧ. _f1812-1870 _gЧарлз _9123656 _3RU\NLR\AUTH\7713978 |
|
| 702 | 1 |
_4440 _7ca _8rus _aБашич _bЗ. _gЗденко _9166595 _3RU\NLR\AUTH\770166642 |
|
| 942 | _cBOOK | ||
| 980 | _aNBR | ||
| 980 | _aNB | ||